[Event "BI-2011-P-00012"]
[Site "LSS email"]
[Date "2011.04.17"]
[Round "?"]
[White "Klapp, Ulrich"]
[Black "Luers, Charles J"]
[Result "0-1"]
[WhiteElo "1346"]
[BlackElo "1805"]
[PlyCount "58"]
[EventDate "2011.04.20"]
[EventType "tourn (corr)"]
[EventRounds "10"]
[EventCountry "GER"]
[SourceTitle "Telechess CBM 155"]
[Source "ChessBase"]
[SourceDate "2013.07.16"]
[SourceVersion "1"]
[SourceVersionDate "2013.07.16"]
[SourceQuality "1"]

1. Nf3 d5 2. g3 c6 3. Bg2 Bg4 4. Nc3 Nf6 5. d4 Nbd7 6. Bg5 h6 7. Bxf6 Nxf6 8. Qd2 e6 9. 0-0-0 Bb4 10. Qe3 Qa5 11. a3 Bxc3 12. Qxc3 Qxc3 13. bxc3 Ne4 14. Ne5 Nxf2 15. Rhf1 Nxd1 16. Kxd1 Bf5 17. Kc1 f6 18. Nd3 Bxd3 19. cxd3 0-0-0 20. Bh3 f5 21. e4 g6 22. Kd2 h5 23. Ke3 Rdf8 24. Rb1 b5 25. Rb4 h4 26. Bg2 hxg3 27. hxg3 fxe4 28. dxe4 Rh5 29. g4 Rh4 0-1

[Event "BI-2011-P-00012"]
[Site "LSS email"]
[Date "2011.04.17"]
[Round "?"]
[White "Klapp, Ulrich"]
[Black "Sheers, Matthew Philip"]
[Result "0-1"]
[WhiteElo "1346"]
[BlackElo "1759"]
[PlyCount "66"]
[EventDate "2011.04.20"]
[EventType "tourn (corr)"]
[EventRounds "10"]
[EventCountry "GER"]
[SourceTitle "Telechess CBM 155"]
[Source "ChessBase"]
[SourceDate "2013.07.16"]
[SourceVersion "1"]
[SourceVersionDate "2013.07.16"]
[SourceQuality "1"]

1. c4 e5 2. Nc3 Nc6 3. g3 f5 4. Bg2 g6 5. Nf3 Bg7 6. 0-0 d6 7. Nd5 Nge7 8. a3 0-0 9. Nxe7+ Qxe7 10. d3 h6 11. Bd2 e4 12. dxe4 fxe4 13. Ne1 Qe6 14. Qc2 Nd4 15. Qxe4 Qxc4 16. e3 Ne2+ 17. Kh1 Qxe4 18. Bxe4 Bxb2 19. Rb1 Bc3 20. Bxb7 Bxb7+ 21. Rxb7 Bxd2 22. Rxc7 Bxe1 23. Rxe1 Rxf2 24. Rd7 Re8 25. Rxd6 Rxe3 26. Rxg6+ Kh7 27. Ra6 Re7 28. a4 Nxg3+ 29. Kg1 Rfe2 30. Rxe2 Nxe2+ 31. Kf2 Nd4 32. Rd6 Rf7+ 33. Ke3 Nf5+ 0-1

[Event "LSS No Engine Cup 37 Preliminary 5"]
[Site "LSS email"]
[Date "2011.02.15"]
[Round "?"]
[White "Schnoewitz, Brigitte"]
[Black "Klapp, Ulrich"]
[Result "1-0"]
[WhiteElo "1232"]
[BlackElo "1353"]
[PlyCount "49"]
[EventDate "2011.02.16"]
[EventType "tourn (corr)"]
[EventRounds "6"]
[EventCountry "GER"]
[SourceTitle "Telechess CBM 151"]
[Source "ChessBase"]
[SourceDate "2012.11.13"]
[SourceVersion "1"]
[SourceVersionDate "2012.11.13"]
[SourceQuality "1"]

1. d4 Nc6 2. Nf3 e6 3. e3 Be7 4. c4 Nf6 5. Be2 b6 6. 0-0 Bb7 7. Nc3 d5 8. a3 0-0 9. cxd5 Nxd5 10. Bc4 Nxc3 11. bxc3 Qd6 12. e4 e5 13. d5 Rad8 14. Bb2 Qc5 15. Ba2 Ba6 16. Re1 Bf6 17. Qc1 Na5 18. a4 Nc4 19. Bxc4 Qxc4 20. Nd2 Qd3 21. Re3 Qxe3 22. fxe3 Rfe8 23. c4 Bg5 24. Qe1 c6 25. Qg3 1-0

[Event "CP-2010-P-00030"]
[Site "LSS email"]
[Date "2010.09.28"]
[Round "?"]
[White "Dray, Steve"]
[Black "Klapp, Ulrich"]
[Result "1-0"]
[WhiteElo "1621"]
[BlackElo "1261"]
[PlyCount "57"]
[EventDate "2010.10.01"]
[EventType "tourn (corr)"]
[EventRounds "6"]
[EventCountry "GER"]
[SourceTitle "Telechess CBM 143"]
[Source "ChessBase"]
[SourceDate "2011.07.15"]
[SourceVersion "1"]
[SourceVersionDate "2011.07.15"]
[SourceQuality "1"]

1. d4 g6 2. Nf3 Bg7 3. e4 c6 4. Nc3 d5 5. e5 Nd7 6. Bd3 Qc7 7. 0-0 f6 8. exf6 Ngxf6 9. g3 Nb6 10. Bf4 Qd7 11. Re1 0-0 12. Ne5 Qe8 13. a4 Bd7 14. a5 Nc8 15. Nxd7 Qxd7 16. Na4 Nh5 17. Nc5 Qh3 18. Bf1 Qf5 19. Be3 Qf3 20. Be2 Qf7 21. Bg4 Qf6 22. Nd7 Qd6 23. Nxf8 Kxf8 24. Bxh5 gxh5 25. Qxh5 h6 26. Ra3 Qf6 27. Bd2 Nd6 28. Rf3 Qf7 29. Bxh6 1-0

[Event "CP-2010-P-00030"]
[Site "LSS email"]
[Date "2010.09.28"]
[Round "?"]
[White "Klapp, Ulrich"]
[Black "Vyzharov, Ivan"]
[Result "0-1"]
[WhiteElo "1353"]
[BlackElo "2122"]
[PlyCount "56"]
[EventDate "2010.10.01"]
[EventType "tourn (corr)"]
[EventRounds "6"]
[EventCountry "GER"]
[SourceTitle "Telechess CBM 151"]
[Source "ChessBase"]
[SourceDate "2012.11.13"]
[SourceVersion "1"]
[SourceVersionDate "2012.11.13"]
[SourceQuality "1"]

1. c4 Nf6 2. Nc3 e6 3. d4 Bb4 4. Bd2 0-0 5. e3 b6 6. Be2 Bb7 7. Bf3 d5 8. a3 Bxc3 9. Bxc3 Nbd7 10. Ne2 c5 11. 0-0 cxd4 12. Nxd4 Ne5 13. Bb4 Re8 14. Re1 a5 15. Bc3 Nxc4 16. Qd3 e5 17. Nf5 e4 18. Qe2 exf3 19. Qxf3 d4 20. Qxb7 dxc3 21. bxc3 Ne4 22. Rad1 Qf6 23. Qc7 Qxf5 24. f3 Nc5 25. e4 Qf6 26. e5 Qe6 27. f4 Rec8 28. Qxc8+ Rxc8 0-1

[Event "LSS SE-2010-0-00053"]
[Site "LSS email"]
[Date "2010.08.31"]
[Round "?"]
[White "Molano Lafuente, Ismael"]
[Black "Klapp, Ulrich"]
[Result "0-1"]
[WhiteElo "1251"]
[BlackElo "1285"]
[PlyCount "82"]
[EventDate "2010.06.19"]
[EventType "tourn (corr)"]
[EventRounds "6"]
[EventCountry "GER"]
[SourceTitle "Telechess CBM 143"]
[Source "ChessBase"]
[SourceDate "2011.07.15"]
[SourceVersion "1"]
[SourceVersionDate "2011.07.15"]
[SourceQuality "1"]

1. b3 e5 2. Bb2 d6 3. e3 Nf6 4. d4 Nbd7 5. c4 g6 6. Nf3 Bg7 7. dxe5 dxe5 8. Nxe5 0-0 9. Nxd7 Bxd7 10. Be2 Re8 11. Bf3 Qc8 12. 0-0 Bf5 13. Qe2 Rb8 14. Nc3 a6 15. Rad1 c6 16. Rd2 Qc7 17. Rfd1 Rbd8 18. Rxd8 Rxd8 19. Rxd8+ Qxd8 20. e4 Bg4 21. Bxg4 Nxg4 22. Qxg4 Qd2 23. Qe2 Qxe2 24. Nxe2 Bxb2 25. f4 a5 26. Kf2 Kg7 27. Ke3 Kf6 28. g4 Ke6 29. Nd4+ Kd6 30. e5+ Kc5 31. Nf3 Kb4 32. Ng5 Ka3 33. Kd3 Kxa2 34. Kc2 b5 35. cxb5 cxb5 36. Nxf7 b4 37. Nd6 a4 38. bxa4 b3+ 39. Kd3 Bxe5 40. Nc4 Bxf4 41. a5 Bxh2 0-1